Biblioteca

C.H. Spurgeon : (Registro nro. 38917)

Detalles MARC
000 -LÍDER
Campo fijo de descripción fija 02155aam a2200325 i 4500
001 - NÚMERO DE CONTROL
Campo de control 768714001
003 - IDENTIFICADOR DEL NÚMERO DE CONTROL
Campo de control CO-MdFUSB
005 - FECHA Y HORA DE LA ULTIMA TRANSACCIÓN
control field 20211216165605.0
007 - CAMPO FIJO DE DESCRIPCIÓN FIJA--INFORMACIÓN GENERAL
Campo fijo de descripción fija ta
008 - ELEMENTOS DE LONGITUD FIJA -- INFORMACIÓN GENERAL
Campo fijo de descripción fija -- Información general 211216t1976 -us |||| |||| 00| 0 eng d
020 ## - NÚMERO INTERNACIONAL NORMALIZADO PARA LIBROS
Número Internacional Normalizado del libro 0851510760
Información adicional Volumen I
020 ## - NÚMERO INTERNACIONAL NORMALIZADO PARA LIBROS
Número Internacional Normalizado del libro 0851511821
040 ## - FUENTE DE CATALOGACIÓN
Idioma de catalogación spa.
Agencia de catalogación original CO-MdFUSB
Agencia que realiza la transcripción CO-MdFUSB
Agencia que realiza la modificación CO-MdFUSBC
Convenciones de la descripción rda
041 ## - CÓDIGO DE IDIOMA
Código de idioma para texto/pista de sonido o título separado eng
082 04 - NÚMERO DE CLASIFICACIÓN DECIMAL DEWEY
Número de clasificación 286.1
Número de la edición del Dewey 23
Clave de autor-Numero de item S7723a
100 1# - ASIENTO PRINCIPAL--NOMBRE PERSONAL
Nombre personal Spurgeon, C. H. (Charles Haddon) (1834-1892)
Término relacionador autor
245 10 - TÍTULO
Título del Material C.H. Spurgeon :
Parte restante del título - Subtitulo autobiography
Mención de responsabilidad, etc. / C. H. Spurgeon
264 #1 - PRODUCCIÓN, PUBLICACIÓN, DISTRIBUCIÓN, MANUFACTURA, Y COPYRIGHT
Lugar de producción, publicación, distribución, manufactura Carlisle, PA., USA :
Nombre del productor, publicador, distribuidor The Banner of Truth Trust,
Fecha de producción, publicación, distribución, manufactura, o copyright [1976]
264 #4 - PRODUCCIÓN, PUBLICACIÓN, DISTRIBUCIÓN, MANUFACTURA, Y COPYRIGHT
Fecha de producción, publicación, distribución, manufactura, o copyright © 1976
300 ## - DESCRIPCIÓN FÍSICA
Extensión 562 páginas
Dimensiones ; 23 cm
336 ## - TIPO DE CONTENIDO
Término de tipo de contenido texto
Código de tipo de contenido txt
Fuente rdacontent
337 ## - TIPO DE MEDIO
Fuente rdamedia
Nombre del tipo de medio sin mediación
Código del tipo de medio n
338 ## - TIPO DE SOPORTE
Fuente rdacarrier
Nombre del tipo de soporte volumen
Código Tipo de soporte nc
505 ## - NOTA DE CONTENIDO
Nota de contenido con formato preestablecido Vol. I : The early years 1834-1859:Infancia en Stambourne - Casa de reuniones de Stanbourne - Incidentes de la infancia - Recuerdos de los días escolares - Impresiones religiosas tempranas - "A través de muchas tribulaciones" - El gran cambio - conversión - Experiencias después de la conversión - Cartas al padre y madre - Diario: abril a junio de 1850 - Una buena confesión - Comenzar a servir al Señor - Una defensa del calvinismo - El niño predicador de los pantanos - El joven ganador de almas en Waterbeach - La mano del Señor detrás el error de la criada - Recuerdos como pastor de aldea - Servicios memorables fuera de Waterbeach - La llamada a Londres - Comenzó el largo pastorado - Amor, noviazgo y matrimonio - Primeras críticas y calumnias - Renacimiento en New Park Street - Primeros amigos literarios - "En labores más abundantes" - Buscando las almas de los hombres - Una nueva escuela de los profetas - Primeras obras impresas - Vida matrimonial temprana - La gran catástrofe - Varias voces a favor y en contra - El presagio de la controversia del "grado inferior" - "Casa de Helensburgh" y jardín - Servicios entre semana - Servicios posteriores en el music hall.<br/>Vol. II : The full harvest 1860-1892
563 ## - NOTA DE ENCUADERNACIÓN
Nota de encuadernación Tapa dura
650 #7 - ASIENTO SECUNDARIO DE MATERIA - TERMINO TEMÁTICO
9 (RLIN) 409
Término temático o nombre geográfico como elemento de entrada Biografía
942 ## - TIPO DE MATERIAL (KOHA)
Tipo de Item KOHA Libros General
945 ## - INFORMACIÓN LOCAL DEL REGISTRO
Catalogador JTF-925
Existencias
Estado de Material Estado de Perdido Forma de Clasificación Volumen-Parte/Tomo Estado de Dañado No para Préstamo Colección Tomo Biblioteca de Origen Biblioteca Permanente Fecha de Adquisición Área Total de Préstamos Signatura Topográfica Código de Barras Última vez visto Ejemplar/Existencia Fecha de Remplazo Tipo de Material
    Dewey Decimal Classification 1     Colección General   Biblioteca FUSBC Biblioteca FUSBC 16/12/2021 BIOGRAFIA   G 286.1 S7723a 10911 12/12/2019 Vol. 1, ej. 2 26/01/2016 Libros General
    Dewey Decimal Classification 1     Colección General   Biblioteca FUSBC Biblioteca FUSBC 16/12/2021 BIOGRAFIA   G 286.1 S7723a 13623 12/12/2019 Vol. 1, ej. 1 26/01/2016 Libros General
    Dewey Decimal Classification 2     Colección General   Biblioteca FUSBC Biblioteca FUSBC 17/01/2005     G 286.1 S7723a 13606 12/12/2019 Vol. 2, ej. 1 26/01/2016 Libros General
    Dewey Decimal Classification 2     Colección General   Biblioteca FUSBC Biblioteca FUSBC 16/12/2021 BIOGRAFIA   G 286.1 S7723a 10912 12/12/2019 Vol. 2, ej. 2 26/01/2016 Libros General

Biblioteca FUSBC | Teléfono: (57+4) 349 88 10 Ext. 141| WhatsApp (+57) 3005338115 
E-mail: biblioteca@unisbc.edu.co | Calle 76 87-14 Robledo Palenque, Medellín, Colombia

Con tecnología Koha